LIBRARY & INFORMATION CENTRE, KCAET, TAVANUR

ONLINE PUBLIC ACCESS CATALOGUE (OPAC)

Geographic information system (Record no. 13756)

MARC details
000 -LEADER
fixed length control field 00295nam a22001217a 4500
020 ## - INTERNATIONAL STANDARD BOOK NUMBER
ISBN 9788190851282
082 ## - DEWEY DECIMAL CLASSIFICATION NUMBER
Classification number 550.066
Item number GUR/GE
100 ## - MAIN ENTRY--AUTHOR NAME
Personal name Gurugnanam, B
245 ## - TITLE STATEMENT
Title Geographic information system
260 ## - PUBLICATION, DISTRIBUTION, ETC. (IMPRINT)
Place of publication New Delhi
Name of publisher New India Publishing Agency
Year of publication 2009
300 ## - PHYSICAL DESCRIPTION
Number of Pages 194 p
942 ## - ADDED ENTRY ELEMENTS (KOHA)
Koha item type Books
Holdings
Withdrawn status Lost status Damaged status Collection code Home library Current library Shelving location Date acquired Source of acquisition Cost, normal purchase price Full call number Accession Number Koha item type
      Non-fiction KAUAET KAUAET General Stacks 31/03/2012 Universal Research Books, TCR 500.00 550.066 GUR/GE 23353 Books
free website counter